=LDR 00000nam 2200000 4500 =001 NUTBA000000000005891 =005 20180207125921 =035 ##$$a 0010-111400000000370 =008 180207###########################0###### =020 ##$$a 979-9925-11-8 =040 ##$$a NBPDMAT =082 ##$$a 028.5 =090 ##$$a 500 $b Iwa f =100 ##$$a Iwan D.Santoso =245 1#$$a Fotosintesis dan pernapasan /$c Iwan D.Santoso =260 ##$$a Surabaya :$b SIC,$c 2007 =300 ##$$a iv, 28 hlm. : $b ilus. ; $c 29 cm. =500 ##$$a Bibliografi : hlm. 28 =650 ##$$a Sains =850 ##$$a NBPDMAT =084 ##$$a 028.5 Iwa f =710 ##$$a Fotosintesis =990 ##$$a 21416322 =990 ##$$a 21416323 =990 ##$$a 21416324 =990 ##$$a 21416325 =990 ##$$a 21416326 =990 ##$$a 21601433/BPAP-NTB/2017 =990 ##$$a 21601433/BPAP-NTB/2017 =990 ##$$a 21416322 =990 ##$$a 21416323 =990 ##$$a 21416324 =990 ##$$a 21416325 =990 ##$$a 21416326 =990 ##$$a 21601433/BPAP-NTB/2017 =990 ##$$a 21416322 =990 ##$$a 21416323 =990 ##$$a 21416324 =990 ##$$a 21416325 =990 ##$$a 21416326 =990 ##$$a 21301098 =990 ##$$a 21416322 =990 ##$$a 21416323 =990 ##$$a 21416324 =990 ##$$a 21416325 =990 ##$$a 21416326 =990 ##$$a 86818681 =990 ##$$a 21301100 =990 ##$$a 21416323 =990 ##$$a 21416324 =990 ##$$a 21416325 =990 ##$$a 21416326 =990 ##$$a 21301098 =990 ##$$a 01201808681 =990 ##$$a 21301101 =990 ##$$a 21301100 =990 ##$$a 21416323 =990 ##$$a 21416324 =990 ##$$a 21416325 =990 ##$$a 21416326 =990 ##$$a 21301098 =990 ##$$a 21301101 =990 ##$$a 21301100 =990 ##$$a 21416323 =990 ##$$a 21416324 =990 ##$$a 21416325 =990 ##$$a 21416326 =990 ##$$a 21301098